• 首页
  • 本馆介绍
  • 公告通知
  • 最新文献
  • 馆藏检索
  • 电子资源
  • 读者导购
  • 参考咨询
  • 我的图书馆
  • 登录
  • 详细信息显示
  • 放入我的书架
  • 预约/预借图书
  • 作者相关作品
  • 分类相关作品
  • 丛书相关作品
  • 出版社相关作品

书目信息

  • 表格格式
  • 工作单格式
  • 卡片格式
题名:
电脑美术设计实践
    
 
作者: 文增著 , 王雪 著
分册:  
出版信息: 哈尔滨   黑龙江美术出版社  1995
页数: 238页
开本: 29cm
丛书名:
单 册:
中图分类: J06 , TP391.4
科图分类:
主题词: 美术--计算机辅助设计 , 构图(美术)--计算机辅助设计
电子资源:
ISBN: 7-5318-0318-6
000 00852cam0 2200289 450
001 0100535399
005 20101130133145.0
010    @a7-5318-0318-6@dCNY98.00
011    @a7-5318-0318-6
100    @a20021005d1995 em y0chiy0110 ea
101 0  @achi
102    @aCN@b230000
105    @aa z 000yy
106    @ar
200 1  @a电脑美术设计实践@9Dian Nao Mei Shu;Zhu She Ji Shi Jian @f文增著,王雪编著@b专著
210    @a哈尔滨@c黑龙江美术出版社@d1995
215    @a238页@d29cm
300    @a并列题名:Computer design
510 1  @aComputer design@zeng
606 0  @a美术@x计算机辅助设计
606 0  @a构图(美术)@x计算机辅助设计
690    @aJ06@v3
690    @aTP391.4@v3
701  0 @a文增著@f(1957~)@9wen zeng@4著
701  0 @a王雪@c(女,@f1958~)@9wang xue@4编著
801  0 @aCN@bAiZhiMarc@c19960718
905    @aBZT@dJ06@e97@f1@sJ06/97
    
    电脑美术设计实践/文增著,王雪编著.-哈尔滨:黑龙江美术出版社,1995
    238页;29cm
    并列题名:Computer design
    
    ISBN 7-5318-0318-6:CNY98.00
    
●
相关链接 在五车中查询图书 在当当中查询图书 在豆瓣中查询图书


正题名:电脑美术设计实践     索取号:J06/97         预约/预借

序号 登录号 条形码 馆藏地/架位号 状态 备注
1 2000102524   2000102524   旧书回溯/ [索取号:J06/97] 在馆    
山东省滨州职业学院图书馆 欢迎您!
大连网信软件有限公司© 版权所有